| 000 | 00676nam a2200229 a 4500 | ||
|---|---|---|---|
| 001 | 68420 | ||
| 003 | BD-RjUL | ||
| 005 | 20211209081754.0 | ||
| 008 | 170403s1981 enka|||| |||| 001 0 eng d | ||
| 020 | _a0412228505 | ||
| 035 | _a(BD-RjUL) 68630 | ||
| 040 |
_aBD-RjUL _beng _cBD-RjUL _dBD-RjUL |
||
| 041 | _aeng | ||
| 082 |
_223 _a519.535 _bGOC 1981 |
||
| 100 |
_aGordon, A.G. _9202852 |
||
| 245 |
_aClassification : _bmetods for the exploratory analysis of multivariate data / _cA.G.Gordon |
||
| 260 |
_aLondon ; _bChapman & Hall, _cc1981 |
||
| 300 |
_axii, 193 : _bill. ; _c22 cm. |
||
| 500 | _aIncludes Index. | ||
| 650 |
_aMultivariate Analysis _9119620 |
||
| 942 |
_2ddc _cBK |
||
| 999 |
_c68420 _d68420 |
||